| 000 | 00519nam a22001457a 4500 | ||
|---|---|---|---|
| 082 |
_a553.78 _bWES _cL-0,P-0 |
||
| 100 |
_aGovt of pakistan wapda _940346 |
||
| 245 |
_a1962 Annual report og river and climatological data of west pakistan _cGovt of pakistan wapda |
||
| 260 |
_aLahore _bSurface water circle and hazara engineering company international _c1962 |
||
| 300 | _aviii, P-642. | ||
| 526 |
_a0 _b0 _c0 _d553_780000000000000_WES |
||
| 650 |
_aMCE _9379 |
||
| 700 |
_aGovt of pakistan wapda _940346 |
||
| 942 |
_2ddc _cBK |
||
| 999 |
_c544672 _d544672 |
||